000 00678nam a22002297a 4500
005 20170124110119.0
010 _aA-544349
020 _c50.00
_a818515919
035 _aA-544349
037 _bCen Lib/Ret
040 _aDPL
_bEN
082 _a904
_bMAX
100 _aMaxwell, George
_9134453
245 _aPractical guide to tha art of living :
_cby George Maxwell
_bthe search for adventure /
260 _aNew Delhi
_bSwan Publishers
_c1992
270 _aB/205,West Patel Nagar
_bNew Delhi
_e110008
300 _aiv,76p.
_c17cm(Hb)
500 _a
650 _aAdventure
_9134454
650 _aConduct of life
_912754
942 _2ddc
_cEN
_h904
_mMAX
999 _c130894
_d130894